000
00215 a2200097 4500
001
19358
100
_a
Pressman
245
_a
Design of Transistorized Circuit
260
_a
_b
John, F Rider
_c
090
_c
14213
_d
14213
942
_a
NUST-CAE
_c
M
_c
4685
999
_c
254431
_d
254431